| 000 | 01046nam a2200313 a 4500 | ||
|---|---|---|---|
| 001 | C01487417c-0 | ||
| 003 | CO-ViMGA | ||
| 005 | 20230915233142.0 | ||
| 008 | 150818s2014 sp gr 0001f spa d | ||
| 020 | _a9788494062773 | ||
| 040 |
_aCO-ViMGA _bspa _cCO-ViMGA |
||
| 041 | 1 | _heng | |
| 043 | _ae-fr--- | ||
| 082 | 0 | 4 |
_a896.3 _bM17c _219 |
| 100 | 1 |
_aMarechera, Dambudzo, _d1952-1987. _94953 |
|
| 245 | 1 | 3 |
_aLa casa del hambre / _cDambudzo Marechera ; traducción de María Remedios Fernández Ruiz. |
| 260 |
_aBarcelona : _bSajalín Editores, _c2014. |
||
| 300 |
_a196 páginas ; _c21 cm. |
||
| 490 | 1 |
_aColección al margen ; _v21 |
|
| 534 |
_pTítulo original : _tThe house of hunger. |
||
| 650 | 1 | 4 |
_aFracaso (Psicología) _v Novela. _94955 |
| 650 | 1 | 4 |
_aMinas _v Novela. _94957 |
| 650 | 1 | 4 |
_aMineros _v Novela. _94958 |
| 650 | 1 | 4 |
_aNovela africana. _94954 |
| 650 | 1 | 4 |
_aPobreza _v Novela. _94956 |
| 650 | 1 | 4 |
_aVida cotidiana _v Novela. _92430 |
| 700 | 1 |
_aFernández Ruiz, María Remedios, _etraductora. _94959 |
|
| 942 |
_2ddc _cBK |
||
| 999 |
_c35870 _d35870 |
||